00578nam a2200181 i 450000100060000000300090000600500170001500700030003200800410003510000310007624500730010725000120018026000720019230000220026460000510028674000380033785200210037531341ES-MaACL20251015063047.0t|030129s1913 fr ||||1| fre d1 aBenda, Julien, d1867-195613aLe bergsonisme ou Une philosophie de la mobilité / cJulien Benda. a4ª ed. aParis : bMercure de France, c1913 (eTours : fE. Arrault et Cie) a134 p. ; c19 cm.14aBergson, Henri-xCrítica e interpretación.32aUne philosophie de la mobilité. aES-MaACLjF-3485